00445nam a2200193Ia 4500003000900000008004100009040001300050040001300063041000800076100002000084245003700104250002000141260002800161260000900189300000900198300001200207490002600219490000600245IT-RoPAU120407s9999 xx 000 0 und d aIT-RoPAU cIT-RoPAU aita aTobias Smollett aTravels Through France and Italy aOxford New York aOxford University Press c1981 bill. c18,9 cm aThe world’s classic v1